[Event "XVI Seahorse Open A"]
[Site "Rewal POL"]
[Date "2011.08.27"]
[Round "7"]
[White "Tomaszewska,L"]
[Black "Boruta,D"]
[Result "1-0"]
[WhiteElo "1993"]
[BlackElo "1874"]

1.e4 d5 2.exd5 Qxd5 3.Nc3 Qd6 4.d4 Nf6 5.Nf3 a6 6.Bd3 Bg4 7.h3 Bh5 8.g4 Bg6
9.Ne2 Nc6 10.Bf4 Qd7 11.c4 e6 12.a3 Bd6 13.g5 Bxf4 14.gxf6 Bh6 15.Bxg6 hxg6
16.d5 Nd8 17.Ne5 Qd6 18.Qa4+ b5 19.cxb5 Qxe5 20.b6+ Kf8 21.Qb4+ Qd6 22.bxc7 Qxb4+
23.axb4 Nb7 24.Rxa6 Rc8 25.d6 Ke8 26.Rb6 Nxd6 27.Rxd6 Rxc7 28.Ra6 Kd7 29.O-O gxf6
30.Rd1+ Ke7 31.Nc3 Bf4 32.b5 Rb8 33.b6 Rcb7 34.Na4 Bd6 35.Ra7 e5 36.Rd5 Ke6
37.Rda5 Kd7 38.Rxb7+ Rxb7 39.Ra8 Kc6 40.Rc8+ Kb5 41.b3 Kb4 42.Rc6 Kxb3 43.Rxd6 Kxa4
44.Rxf6 Kb5 45.Kg2 Kc5 46.Kg3 Kd5 47.Kg4 e4 48.Kf4 Re7 49.h4 Rb7 50.Kg5 Ke5
51.Rc6 Rb8 52.Rc5+ Ke6 53.Rb5 Rb7 54.Kf4 f5 55.Kg5 Kf7 56.h5 gxh5 57.Rxf5+ Ke6
58.Rb5 Kd6 59.Kf4 Kc6 60.Rxh5 Rf7+ 61.Ke3 Kxb6 62.Rh4 Kc6 63.Rxe4 Kd5 64.Re8 Rf6
65.f3 Rf5 66.f4 Rf6 67.Kf3 Kd6 68.Kg4 Kd7 69.Re4 Rf8 70.Kg5 Rg8+ 71.Kf6 Rf8+
72.Kg7 Rf5 73.Kg6 Rf8 74.f5 Rg8+ 75.Kf7 Rg3 76.f6 Rg2 77.Rd4+ Kc7 78.Kf8 Rg3
79.f7 Rg2 80.Ke7 Re2+ 81.Kf6 Rf2+ 82.Ke6  1-0

[Event "Trade Fair Open A"]
[Site "Brno CZE"]
[Date "2011.08.28"]
[Round "9"]
[White "Sojka,Oldrich"]
[Black "Turza,P"]
[Result "0-1"]
[WhiteElo "1649"]
[BlackElo "1798"]

1.e4 d5 2.exd5 Qxd5 3.Nc3 Qd6 4.Nf3 Nc6 5.Bb5 Nf6 6.d3 Bf5 7.h3 h6 8.Be3 a6
9.Nd4 Bd7 10.Bxc6 bxc6 11.Qd2 e5 12.Nf3 Qe6 13.a3 Nd5 14.O-O f5 15.Nxd5 cxd5
16.Bf4 e4 17.Rfe1 Bd6 18.Nd4 Qf6 19.c3 O-O 20.dxe4 Bxf4 21.Qxf4 fxe4 22.Qg3 Qf4
23.Re3 Qxg3 24.Rxg3 Rf6 25.Re1 Raf8 26.Re2 a5 27.Nb3 Bb5 28.Rd2 a4 29.Nd4 Bc4
30.Nc2 c6 31.Ne3 Bd3 32.Ng4 Re6 33.Re3 h5 34.Nh2 c5 35.f3 c4 36.Re1 Rb6 37.fxe4 dxe4
38.Nf1 Rfb8 39.Ng3 Rxb2 40.Rxb2 Rxb2 41.Nxe4 Ra2 42.Ng5 g6 43.h4 Rxa3 44.Rc1 Rb3
45.Nf3 Rb1 46.Rxb1 Bxb1  0-1

[Event "XVI Seahorse Open A"]
[Site "Rewal POL"]
[Date "2011.08.28"]
[Round "9.41"]
[White "Duszenko,M"]
[Black "Boruta,D"]
[Result "1/2-1/2"]
[WhiteElo "1840"]
[BlackElo "1874"]

1.e4 d5 2.exd5 Qxd5 3.Nc3 Qd6 4.d4 Nf6 5.Nf3 a6 6.Be2 Nbd7 7.O-O g6 8.g3 b5
9.Bf4 Qb6 10.a4 b4 11.a5 Qa7 12.Na4 Nd5 13.Qd2 Bg7 14.Bh6 O-O 15.c4 bxc3
16.bxc3 Bb7 17.c4 N5f6 18.Nc3 Rfd8 19.Bxg7 Kxg7 20.Qf4 Rac8 21.Rab1 e6 22.Rfd1 Qa8
23.Rd2 c5 24.Rbd1 cxd4 25.Rxd4 Nc5 26.Ne5 Rxd4 27.Qxd4 Nb3 28.Qb6 Nc5 29.Qb4 Qb8
30.Nd3 Nxd3 31.Rxd3 Qc7 32.Rd6 Bc6 33.c5 Rb8 34.Qd4 Qb7 35.Qd3 Ne8 36.Rd4 Nc7
37.Rf4 e5 38.Rh4 f6 39.Qe3 Nd5 40.Qh6+ Kg8 41.Bc4 Rd8 42.Qe3 Kg7 43.Nxd5 Bxd5
44.Bxd5 Rxd5 45.Qc1 Qd7 46.Qe3 Rd1+ 47.Kg2 Qd5+ 48.Kh3 Qe6+ 49.Kg2 Qd5+ 50.Kh3 Qe6+
51.Kg2  1/2-1/2

[Event "26th Schwarzacher Open"]
[Site "Schwarzach AUT"]
[Date "2011.08.28"]
[Round "9"]
[White "Knoblauch,L"]
[Black "Donegani,P"]
[Result "1/2-1/2"]
[WhiteElo "2062"]
[BlackElo "2111"]

1.e4 d5 2.exd5 Qxd5 3.Nc3 Qd6 4.g3 Nf6 5.Bg2 c6 6.d4 g6 7.Nge2 Bg7 8.a3 O-O
9.Bf4 Qd8 10.O-O Be6 11.Qd2 Nd5 12.Be5 Nd7 13.Bxg7 Kxg7 14.Ne4 N7f6 15.Ng5  1/2-1/2

[Event "3rd Senica Open"]
[Site "Senica SVK"]
[Date "2011.08.28"]
[Round "9.16"]
[White "Adamciak,Tomas"]
[Black "Hecko,D"]
[Result "1/2-1/2"]
[WhiteElo "1737"]
[BlackElo "2123"]

1.e4 d5 2.exd5 Qxd5 3.Nc3 Qd6 4.d4 Nf6 5.Nf3 Bg4 6.h3 Bh5 7.Be3 e6 8.Be2 Be7
9.Qd2 a6 10.Ne5 Bxe2 11.Qxe2 Nc6 12.Nxc6 Qxc6 13.O-O O-O 14.Rfd1 Rad8 15.Bg5 Rfe8
16.Rd3 Nd5 17.Bxe7 Rxe7 18.Nxd5 Rxd5 19.c3 Qd6 20.Rad1 Rd7 21.a3 h6 22.R1d2 c6
23.Qe3 b5 24.Rd1 Rg5 25.Qe4 Qc7 26.Rf3 a5 27.Rdd3 Qb6 28.Rg3 Rdd5 29.Qf4 Qd8
30.Rxg5 hxg5 31.Qd2 c5 32.f3 e5 33.Kf2 exd4 34.cxd4 c4 35.Re3 Kf8 36.Re4 f5
37.Re2 Rxd4 38.Qe3 Rd1 39.Qc5+ Kg8 40.Qxf5 b4 41.axb4 Qd4+ 42.Kg3 Qd6+ 43.Kf2 Qd4+  1/2-1/2

[Event "TCh-SRB Premier Men"]
[Site "Valjevo SRB"]
[Date "2011.08.28"]
[Round "2.2"]
[White "Podinic,V"]
[Black "Bodiroga,P"]
[Result "1-0"]
[WhiteElo "2415"]
[BlackElo "2395"]

1.e4 d5 2.exd5 Qxd5 3.Nc3 Qd6 4.d4 Nf6 5.Nge2 c6 6.Bf4 Qd8 7.Ng3 e6 8.Be2 Be7
9.O-O O-O 10.Bf3 Nd5 11.Nxd5 cxd5 12.c4 Nc6 13.cxd5 exd5 14.Rc1 Be6 15.Re1 Rc8
16.Be3 Qb6 17.Qa4 Qb4 18.Qxb4 Nxb4 19.Red1 a6 20.a3 Nc6 21.Ne2 Bf6 22.Rc5 Be7
23.Rc3 Na5 24.Rxc8 Rxc8 25.Nf4 Rd8 26.Rc1 Nc6 27.Be2 Rc8 28.Bf3 Rd8 29.b4 g6
30.Be2 Rc8 31.Bf3 Rd8 32.h3 Kg7 33.Kf1 Bf6 34.Rd1 Ne7 35.g4 h6 36.Ke2 Bd7
37.Kd2 Bb5 38.Rc1 Bc4 39.Nd3 Nc6 40.Kc3 Na7 41.Ne5 Nb5+ 42.Kb2 Nd6 43.Bg2 g5
44.a4 b6 45.f4 gxf4 46.Bxf4 Bg5 47.Bxg5 hxg5 48.Kc3 Rc8 49.Kd2 f6 50.Nxc4 dxc4
51.Re1 c3+ 52.Kd3 Nc4 53.Bb7 Rc7 54.Bxa6 Nb2+ 55.Kc2 Nxa4 56.d5 Nb2 57.d6 Ra7
58.Bb5  1-0

[Event "TCh-SRB Premier Men"]
[Site "Valjevo SRB"]
[Date "2011.08.28"]
[Round "2.6"]
[White "Martic,I SRB"]
[Black "Saric,S"]
[Result "1/2-1/2"]
[WhiteElo "2347"]
[BlackElo "2472"]

1.e4 d5 2.exd5 Qxd5 3.Nc3 Qd6 4.d4 Nf6 5.Nf3 c6 6.Ne5 Nbd7 7.Bf4 Nd5 8.Nxd5 Qxd5
9.Qd3 Nxe5 10.dxe5 Qa5+ 11.Qd2 Qxd2+ 12.Bxd2 Bf5 13.O-O-O O-O-O 14.Be2 e6
15.Be3 Rxd1+ 16.Rxd1 b6 17.h4 h5 18.a3 Be7 19.g3 Kc7 20.b4 a5 21.c3 axb4
22.axb4 Bg6 23.Kb2 Ra8 24.b5 cxb5 25.Bxb5 Rd8 26.Bd4 Be4 27.Ra1 Kb7 28.Ba6+ Kc7
29.Be2 g6 30.Ra7+ Bb7 31.Ba6 Rb8 32.Kb3 Kc6 33.Be2 Kc7 34.Bf3 Kc8 35.Be2 Kc7
36.Bf3 Kc8 37.Be2 Kc7 38.Bb5 Rd8 39.Ra4 Bd5+ 40.Kb2 Bc5 41.Bxc5 bxc5 42.Rf4 Rf8
43.Bd3 f5 44.exf6 e5 45.Ra4 Rxf6 46.f4 Rb6+ 47.Kc1 exf4 48.Rxf4 Kd7 49.Bc2 Ke7
50.Kd2 Rb2 51.Kc1 Rb6 52.Kd2 Rb2 53.c4 Bf7 54.Kc3 Ra2 55.Re4+ Kf6 56.Rf4+ Ke7
57.g4 Ra3+ 58.Bb3 hxg4 59.Rxg4 Ra1 60.Bc2 Rh1 61.Kb3 Rh3+ 62.Kb2 Rh2 63.Kb3 Rh3+
64.Kb2 Rh2 65.Kc3 Rh3+ 66.Kb2  1/2-1/2

[Event "TCh-SRB Premier Women"]
[Site "Valjevo SRB"]
[Date "2011.08.28"]
[Round "2.5"]
[White "Sekulovic,D"]
[Black "Chelushkina,I"]
[Result "0-1"]
[WhiteElo "1800"]
[BlackElo "2296"]

1.e4 d5 2.exd5 Qxd5 3.Nc3 Qd8 4.g3 g6 5.Bg2 Bg7 6.Nf3 e5 7.d3 Ne7 8.Be3 Nbc6
9.Qd2 Nd4 10.O-O-O Bg4 11.Bxd4 exd4 12.Nb1 h5 13.Qb4 O-O 14.Rde1 Nd5 15.Qc5 b6
16.Qc6 Nb4 17.Qc4 c5 18.a3 b5 19.Qb3 Rc8 20.axb4 c4 21.dxc4 bxc4 22.Qa3 Bh6+
23.Nfd2 c3 24.bxc3 dxc3 25.f4 cxd2+ 26.Nxd2 Bg7 27.Nb1 Qd4 28.Be4 Rfe8 29.Bd3 Red8  0-1

[Event "23rd Schlosspark-Open"]
[Site "Wiesbaden GER"]
[Date "2011.08.28"]
[Round "7.40"]
[White "Makilla,T"]
[Black "Reinert,S"]
[Result "0-1"]
[WhiteElo "1937"]
[BlackElo "2070"]

1.e4 d5 2.exd5 Qxd5 3.Nc3 Qd6 4.Bc4 Nf6 5.Nge2 a6 6.d4 b5 7.Bd3 Bb7 8.Bf4 Qb6
9.f3 e6 10.Ne4 Nbd7 11.Qd2 Nd5 12.Bg3 c5 13.c3 Be7 14.Bf2 c4 15.Bc2 f5 16.N4g3 O-O
17.Nf4 Bg5 18.Nge2 e5 19.dxe5 Qh6 20.Be3 Nxe3 21.Qxe3 Rae8 22.Qd4 Nxe5 23.O-O Ng6
24.g3 Rxe2  0-1

[Event "18th Graz Open"]
[Site "Graz AUT"]
[Date "2011.08.29"]
[Round "3"]
[White "Neuschmied,S"]
[Black "Pfaffel,T"]
[Result "1/2-1/2"]
[WhiteElo "2327"]
[BlackElo "2199"]

1.e4 d5 2.exd5 Qxd5 3.Nc3 Qd6 4.d4 Nf6 5.Nf3 Bg4 6.g3 c6 7.Bg2 e6 8.O-O Be7
9.h3 Bh5 10.Ne2 Nbd7 11.Nf4 Bxf3 12.Bxf3 O-O 13.c3 Qc7 14.Bg2 Rad8 15.Qc2 Rfe8
16.Ne2 Nb6 17.Bf4 Bd6 18.Bg5 Be7 19.Rad1 h6 20.Bc1 Rd7 21.b3 Red8 22.a3 e5
23.Rfe1 Bf8 24.Bb2 exd4 25.Nxd4 Bc5 26.Nf5 Rxd1 27.Rxd1 Rxd1+ 28.Qxd1 Qe5
29.Nd4 Qd6 30.Qc1 a5 31.a4 Qe5 32.Qe3 Qxe3 33.fxe3 Nbd5 34.Kf2 g6 35.Ke2 Nd7
36.Nc2 f5 37.e4 Ne7 38.Ne3 Bd6 39.exf5 gxf5 40.g4 fxg4 41.hxg4 Kf7 42.Be4 Nf6
43.Bd3 Ng6 44.Bf5 Ne7 45.Bc2 Ng6 46.Bf5 Ne7 47.Kf3 Be5 48.Bd3 Nfd5 49.Bc4 Kf6
50.Nd1 Kg6 51.Bd3+ Kf7 52.Ke4 Bf6 53.Bc4 Kg6 54.Kf3 Be5 55.Bd3+ Kf7 56.Bc1 Bg7
57.Bd2 Ke6 58.Bc4 Ng6 59.Ke4 Kd6 60.Be2 Nf6+ 61.Kf5 Ne7+ 62.Kf4 Nfd5+ 63.Kg3 Ng6
64.Nf2 Be5+ 65.Kg2 Ngf4+ 66.Kf1 Nxe2 67.Ne4+ Ke7 68.Kxe2 b6 69.c4 Nf4+ 70.Kf3 Ne6
71.b4 Nd4+ 72.Kf2 axb4 73.Bxb4+ Ke6 74.Bd2 Bg7 75.Ng3 Nb3 76.Be3 Bd4 77.Nf5 Bxe3+
78.Kxe3 Nc5 79.Nxh6 Nxa4 80.Kd4 Nc5 81.Nf5 Nd7 82.Ne3 Ne5 83.Ke4  1/2-1/2

[Event "18th Graz Open"]
[Site "Graz AUT"]
[Date "2011.08.29"]
[Round "3"]
[White "Poetz,F"]
[Black "Maurer,Joc"]
[Result "1-0"]
[WhiteElo "2416"]
[BlackElo "2264"]

1.e4 d5 2.exd5 Qxd5 3.Nc3 Qd6 4.d4 Nf6 5.Nf3 c6 6.Bc4 Bf5 7.Ne5 e6 8.g4 Bg6
9.h4 Nbd7 10.Qe2 Qxd4 11.Nxd7 Kxd7 12.Bg5 Qxg4 13.O-O-O+ Ke8 14.f3 Qg3 15.Bxe6 fxe6
16.Qxe6+ Be7 17.Rd7 Qxg5+ 18.hxg5 Nxd7 19.Ne4 Bxe4 20.Qxe4 Kd8 21.Rd1 Rc8
22.f4 Rc7 23.Qe5 Rg8 24.Qf5 Rf8 25.Qxh7 Rxf4 26.Qxg7 Rf5 27.g6 Ke8 28.Qh8+ Rf8
29.g7 Bg5+ 30.Kb1 Rxh8 31.gxh8=Q+  1-0

[Event "TCh-ESP CECLUB Div 1 GpB"]
[Site "Sabadell ESP"]
[Date "2011.08.29"]
[Round "1"]
[White "Jerez Perez,A"]
[Black "Alonso Rosell,A"]
[Result "1/2-1/2"]
[WhiteElo "2416"]
[BlackElo "2502"]

1.e4 d5 2.exd5 Qxd5 3.Nc3 Qd6 4.d4 Nf6 5.Nf3 g6 6.Nb5 Qb6 7.Bf4 Nd5 8.Be5 f6
9.Bg3 a6 10.c4 axb5 11.cxd5 c6 12.Bd3 Qa5+ 13.Kf1 cxd5 14.a4 Nc6 15.Qe2 Bg4
16.Bxb5 Bxf3 17.gxf3 Kf7 18.Bxc6 bxc6 19.Kg2 Qa6 20.Qe3 h5 21.Rhc1 Bh6 22.Bf4 Bg7
23.Re1 Rhe8 24.Qe6+ Kf8 25.Rac1 Qa7 26.Re2 Qxa4 27.Rxc6 Qxd4 28.Bg3 Qd3 29.Rd6 d4
30.Rd7 Qf5 31.Rxd4 Qxe6 32.Rxe6 Kf7 33.Rb6 f5 34.Rd7 Ra2 35.Rd2 Bh6 36.Rd4 Bg7
37.Rd2 Bh6 38.Rd4  1/2-1/2

[Event "TCh-SRB Premier Women"]
[Site "Valjevo SRB"]
[Date "2011.08.30"]
[Round "4.6"]
[White "Dembo,Y"]
[Black "Petrovic,Mari"]
[Result "0-1"]
[WhiteElo "2471"]
[BlackElo "2169"]

1.e4 d5 2.exd5 Qxd5 3.Nc3 Qd6 4.d4 Nf6 5.Nb5 Qd8 6.c4 c6 7.Nc3 Bg4 8.f3 Be6
9.Bg5 h6 10.Be3 g6 11.Qd2 Bg7 12.O-O-O Na6 13.g4 Qa5 14.Kb1 Qb4 15.a3 Qa5
16.Nh3 O-O-O 17.Nf4 Bd7 18.Nd3 h5 19.Bf4 Be6 20.Ne5 Nc7 21.Be2 hxg4 22.Qc2 gxf3
23.b4 Qa6 24.Bc1 Nh5 25.b5 Qa5 26.Bd2 Rxd4 27.Nxf3 Rxd2 28.Nxd2 Qxc3 29.Qxc3 Bxc3
30.Ne4 Bf5 31.Bd3 Bxe4 32.Bxe4 cxb5 33.c5 Be5 34.Ka2 Nf6 35.Bf3 Ne6 36.c6 bxc6
37.Bxc6 Rxh2+ 38.Rxh2 Bxh2 39.Bxb5 g5 40.Rc1+ Bc7 41.Rd1 g4 42.Ba6+ Kb8 43.Rb1+ Bb6
44.a4 Kc7 45.Bf1 Nd5 46.Rc1+ Kd6 47.Rc8 Ne3 48.Bd3 Nc5 49.Bb5 g3 50.Rg8 g2
51.Be2 Nxa4 52.Bf3 Nc3+ 53.Kb3 Ncd5  0-1

[Event "Maria Albulet Mem"]
[Site "Braila ROU"]
[Date "2011.08.31"]
[Round "3"]
[White "Fakhiridou,E"]
[Black "Petrenko,S"]
[Result "0-1"]
[WhiteElo "2183"]
[BlackElo "2209"]

1.e4 d5 2.exd5 Qxd5 3.Nc3 Qd6 4.d4 Nf6 5.Nf3 a6 6.h3 b5 7.Be2 Bb7 8.O-O Nbd7
9.Be3 e6 10.Qc1 Be7 11.Bf4 Qc6 12.Ne1 Qb6 13.a4 b4 14.Nd1 Qxd4 15.c3 bxc3
16.bxc3 Qa7 17.a5 Be4 18.Nd3 c5 19.N1b2 O-O 20.Nc4 Nd5 21.Bg3 Bf6 22.Ra3 Rfd8
23.Ndb2 Be7 24.Rb3 Rac8 25.Na4 N5f6 26.Ncb6 Nxb6 27.Nxb6 Rc6 28.Rd1 Nd5 29.Nc4 f6
30.Qb2 Qa8 31.Nd2 Bg6 32.Bf3 c4 33.Rb7 Ba3 34.Rxg7+ Kxg7 35.Qxa3 Qb7 36.Ne4 Qb3
37.Qc1 Bxe4 38.Bxe4 Qxc3 39.Qb1 Qb3 40.Qc1 c3 41.Bf4 Nxf4  0-1

[Event "18th Graz Open"]
[Site "Graz AUT"]
[Date "2011.08.31"]
[Round "5"]
[White "Wieser,A1"]
[Black "Pfaffel,T"]
[Result "1-0"]
[WhiteElo "2086"]
[BlackElo "2199"]

1.e4 d5 2.exd5 Qxd5 3.Nc3 Qd6 4.d4 Nf6 5.Nge2 c6 6.Bf4 Qb4 7.a3 Qxb2 8.Bc7 Nd5
9.Na4 Qb5 10.c4 Qxc4 11.Nf4 Nc3 12.Bxc4 Nxd1 13.Rxd1 b5 14.Bb3 bxa4 15.Bxa4 Bd7
16.d5 c5 17.Bb3 Na6 18.Be5 f6 19.Bc3 Nc7 20.O-O g6 21.Rfe1 Nb5 22.Bxf6 Bh6
23.Rxe7+ Kd8 24.Ne6+ Bxe6 25.dxe6+ Nd4 26.Rxa7+  1-0

[Event "18th Graz Open"]
[Site "Graz AUT"]
[Date "2011.08.31"]
[Round "5"]
[White "Sakelsek,T"]
[Black "Moser,E"]
[Result "1/2-1/2"]
[WhiteElo "2407"]
[BlackElo "2432"]

1.e4 d5 2.exd5 Qxd5 3.Nc3 Qd8 4.Nf3 Nf6 5.Bc4 e6 6.d4 Be7 7.O-O O-O 8.Bg5 Nbd7
9.Qe2 a6 10.Rad1 b5 11.Bd3 Bb7 12.Ne5 Nd5 13.Bxe7 Qxe7 14.Nxd5  1/2-1/2

[Event "TCh-SRB Premier Men"]
[Site "Valjevo SRB"]
[Date "2011.08.31"]
[Round "5.1"]
[White "Toth,Alek"]
[Black "Cabarkapa,N"]
[Result "1/2-1/2"]
[WhiteElo "2315"]
[BlackElo "2177"]

1.e4 d5 2.exd5 Qxd5 3.Nc3 Qd6 4.d4 Nf6 5.Nf3 g6 6.g3 Bg7 7.Bf4 Qb6 8.Qd2 O-O
9.O-O-O Bg4 10.Be2 Rd8 11.h3 Bf5 12.Qe3 Nc6 13.g4 Be6 14.a3 Nd5 15.Nxd5 Bxd5
16.c3 Na5 17.Rhe1 Bb3 18.Rd2 Bc4 19.Rc2 Bxe2 20.Rcxe2 e6 21.Bh6 c5 22.Bxg7 Kxg7
23.Qe5+ Kg8 24.Rd1 cxd4 25.Nxd4 Nb3+ 26.Kc2 Nxd4+ 27.Rxd4 Rxd4 28.Qxd4 Qxd4
29.cxd4 Kf8 30.f4 Rc8+  1/2-1/2

[Event "TCh-POL Ekstraliga"]
[Site "Miedzybrodzie-Zywiec POL"]
[Date "2011.09.02"]
[Round "4.1"]
[White "Hracek,Z"]
[Black "Tomczak,J"]
[Result "1-0"]
[WhiteElo "2629"]
[BlackElo "2541"]

1.e4 d5 2.exd5 Qxd5 3.Nc3 Qd6 4.d4 Nf6 5.Nf3 a6 6.g3 Bg4 7.Bg2 Nc6 8.O-O O-O-O
9.d5 Ne5 10.Bf4 Nxf3+ 11.Bxf3 Bxf3 12.Qxf3 e5 13.dxe6 Qxe6 14.Bg5 Bd6 15.Rae1 Be5
16.Na4 Rhe8 17.Nc5 Qd5 18.Qxd5 Rxd5 19.Bxf6 gxf6 20.Nd3 Re6 21.Re4 Bd6 22.Rfe1 Kd7
23.Kf1 h5 24.Rh4 b5 25.a4 c5 26.axb5 axb5 27.b3 Rxe1+ 28.Kxe1 Be5 29.Kd2 b4
30.Ke3 Bd6 31.Kf3 Ke6 32.Ke2 Bc7 33.f4 Bb6 34.Nb2 c4 35.Nxc4 Bg1 36.Nb2 Rc5
37.Kd2 Rf5 38.Nd3 Bc5 39.Ke2 Kd5 40.Kf3 Kd4 41.g4 hxg4+ 42.Kxg4 Rd5 43.Rh8 Ke3
44.h4 f5+ 45.Kg3 Bd4 46.Re8+ Kd2 47.Nxb4 Rd6 48.h5 Kc3 49.Rb8 Kd2 50.Rc8 Rh6
51.Rd8 Ke3 52.c3 Bc5 53.Nd5+ Ke2 54.b4 Bf2+ 55.Kg2 Bh4 56.Re8+ Kd3 57.b5 Kc4
58.b6 Kxd5  1-0

[Event "TCh-POL Ekstraliga"]
[Site "Miedzybrodzie-Zywiec POL"]
[Date "2011.09.03"]
[Round "6.2"]
[White "Bartel,Mat"]
[Black "Tomczak,J"]
[Result "1-0"]
[WhiteElo "2608"]
[BlackElo "2541"]

1.e4 d5 2.exd5 Qxd5 3.Nc3 Qd6 4.d4 Nf6 5.Nf3 g6 6.Ne5 Bg7 7.Bf4 Nd5 8.Bg3 Nxc3
9.bxc3 Nd7 10.Nxd7 Qxd7 11.Qf3 O-O 12.Bc4 c5 13.dxc5 Qa4 14.Bb3 Qb5 15.Qe3 Bf5
16.a4 Qa6 17.Be5 Rac8 18.Bxg7 Kxg7 19.O-O-O Qf6 20.Rhe1 Rc7 21.h3 b6 22.g4 Bc8
23.cxb6 axb6 24.Rd4 Ba6 25.Kb2 h6 26.Rb4 Rc5 27.Rf4 Qd6 28.Rd4 Qf6 29.Qxe7 Qxf2
30.Re6 Qf3 31.Rdd6 Qxc3+ 32.Ka2 Rg5 33.Rc6 Qxh3 34.Qf6+ Kg8 35.Re7 Qf1 36.Bxf7+ Rxf7
37.Re8+  1-0

[Event "TCh-SRB Premier Men"]
[Site "Valjevo SRB"]
[Date "2011.09.03"]
[Round "8.4"]
[White "Novoselski,Z"]
[Black "Ostojic,N1"]
[Result "1/2-1/2"]
[WhiteElo "2384"]
[BlackElo "2458"]

1.e4 d5 2.exd5 Qxd5 3.Nc3 Qd6 4.d4 Nf6 5.Bc4 a6 6.Bb3 e6 7.Nge2 b5 8.Bf4 Qd7
9.d5 c5 10.dxc6 Qxd1+ 11.Nxd1 Nxc6 12.a4 b4 13.a5 Bb7 14.Ne3 Bc5 15.Nc4 Rd8
16.Bc7 Rd7 17.Bb6 Bxb6 18.Nxb6 Rd8 19.f3 Ke7 20.Nc1 Rd6 21.Nc4 Rd5 22.Nd3 Nd7
23.O-O Nc5 24.Nxc5 Rxc5 25.Rfd1 Rc8 26.Ra4  1/2-1/2

[Event "Maria Albulet Mem"]
[Site "Braila ROU"]
[Date "2011.09.04"]
[Round "7"]
[White "Bulmaga,I"]
[Black "Petrenko,S"]
[Result "1/2-1/2"]
[WhiteElo "2293"]
[BlackElo "2209"]

1.e4 d5 2.exd5 Qxd5 3.Nc3 Qd6 4.d4 Nf6 5.Nf3 a6 6.Bd3 g6 7.O-O Bg7 8.Ne4 Nxe4
9.Bxe4 O-O 10.c4 c5 11.dxc5 Qxc5 12.Qc2 f5 13.Bd3 e5 14.Be3 Qc7 15.c5 Kh8
16.Bc4 f4 17.Bd2 Qxc5 18.Qb3 Nc6 19.Ng5 h6 20.Ne4 Qe7 21.f3 Rd8 22.Bc3 Bf5
23.Bd5 a5 24.a4 Qd7 25.Rad1 Nd4 26.Bxd4 exd4 27.Bc4 Rac8 28.Bd3 Qe7 29.Rc1 Rc6
30.Rxc6 bxc6 31.Qb6 Rc8 32.Rc1 Qc7 33.Qc5 Rb8 34.Bb5 Rb6 35.Nd6 d3 36.Nxf5 gxf5
37.Bxd3 Qd7 38.Qxf5 Qxf5 39.Bxf5 Bxb2 40.Rc4 c5 41.Rxf4 Bd4+ 42.Kf1 Rb4 43.Bd7 Rb1+
44.Ke2 Rb2+ 45.Kd3 Rxg2 46.h3 Rb2 47.Rf7 Rb7 48.Be6 Rxf7 49.Bxf7  1/2-1/2

[Event "13th Trieste Open"]
[Site "Trieste ITA"]
[Date "2011.09.04"]
[Round "2"]
[White "Tonel,G"]
[Black "Laco,G"]
[Result "1-0"]
[WhiteElo "1923"]
[BlackElo "2116"]

1.e4 d5 2.exd5 Qxd5 3.Nc3 Qd8 4.Nf3 e6 5.g3 b6 6.Bg2 Bb7 7.b3 Nf6 8.Bb2 Be7
9.Qe2 O-O 10.O-O c5 11.Rad1 Nbd7 12.Rfe1 Re8 13.d3 Nf8 14.Ne5 Nd5 15.Ne4 f6
16.Nc4 Rb8 17.f4 b5 18.Ne3 f5 19.Nd2 Bf6 20.Bxf6 gxf6 21.Nxd5 Bxd5 22.Qf2 Bxg2
23.Kxg2 Qd4 24.c4 Qxf2+ 25.Kxf2 Red8 26.Nf3 Rb6 27.d4 Rbd6 28.cxb5 cxd4 29.Rd3 Ng6
30.Rc1 e5 31.Rc7 e4 32.Rxd4 Rxd4 33.Nxd4 Rxd4 34.Rxa7 Rb4 35.Rb7 Nf8 36.a4 Ne6
37.a5 Nc5 38.Rb8+ Kg7 39.a6 Nxa6 40.Rb7+ Nc7 41.Rxc7+ Kg6 42.Rb7 Rxb3 43.h3 h5
44.b6 h4 45.gxh4 Rxh3 46.Rb8 Kg7 47.b7 Rb3 48.h5 Rb6 49.Ke3 Rb4 50.h6+ Kh7
51.Kd2 Rb6 52.Kc3 Rb1 53.Kd4 Rd1+ 54.Kc5 Rc1+ 55.Kd6 Rd1+ 56.Ke6 Rb1 57.Kxf5 e3
58.Kxf6 e2 59.Re8 Rb6+ 60.Kg5 Rxb7 61.Rxe2 Rb8 62.Re7+ Kh8 63.f5 Rb1 64.Kg6 Rg1+
65.Kf7 Kh7 66.f6 Rf1 67.Re2 Kxh6 68.Rh2+ Kg5 69.Kg7  1-0

[Event "Maria Albulet Mem"]
[Site "Braila ROU"]
[Date "2011.09.05"]
[Round "8"]
[White "Sandu,Mi"]
[Black "Bollengier,Andreea"]
[Result "1-0"]
[WhiteElo "2221"]
[BlackElo "2207"]

1.e4 d5 2.exd5 Qxd5 3.Nc3 Qd6 4.d4 Nf6 5.Nf3 c6 6.Ne5 Nbd7 7.Bf4 Nxe5 8.Bxe5 Qb4
9.a3 Qb6 10.b4 Nd7 11.Bg3 g6 12.Qd2 Bg7 13.Rd1 O-O 14.Be2 a5 15.Na4 Qa7 16.b5 Nb6
17.Nc5 Nd7 18.Ne4 Nf6 19.Nxf6+ Bxf6 20.O-O Be6 21.c3 Rac8 22.Rb1 cxb5 23.Rxb5 Bd7
24.Rb2 Rfd8 25.Qe3 Bc6 26.Rfb1 Rd7 27.h4 a4 28.Be5 Bxe5 29.Qxe5 Qb8 30.Qe3 Qd6
31.Rb4 Qf6 32.Bd1 b5 33.Be2 Rdc7 34.Rc1 Qd6 35.h5 gxh5 36.Bxb5 Kh8 37.Bxc6 Rxc6
38.c4 Rg8 39.d5 Qg6 40.Qh3 Rf6 41.Rcb1 Qe4 42.Rb8 Qxc4 43.Rxg8+ Kxg8 44.Qxh5 Qf4
45.Qe2 Rh6 46.g3 Qd6 47.Qf3 Qd7 48.Rb4 Rd6 49.Rg4+ Kf8 50.Rg5 Rg6 51.Rf5 f6
52.Rh5 Kg7 53.Rh4 Rg5 54.Rd4 Qd6 55.Qd3 h6 56.Qe4 Qxa3 57.d6 exd6 58.Qe7+ Kg6
59.Rxd6 Qa1+ 60.Kg2 Qe5 61.Re6 Qd5+ 62.f3 Qa2+ 63.Re2 Qf7 64.Qe4+ Kg7 65.Qxa4 Re5
66.Rd2 Qe8 67.Qg4+ Kh8 68.Rd7 Re7 69.Rd6 Re2+ 70.Kh3 Re1 71.Qf5 Qe5 72.Qc8+ Kg7
73.Rd7+ Kg6 74.Qg8+ Kf5 75.Qg4+  1-0

[Event "Paignton Ron Bruce Premier"]
[Site "Paignton ENG"]
[Date "2011.09.05"]
[Round "2"]
[White "McKenna,Jas"]
[Black "Crouch,C"]
[Result "0-1"]
[WhiteElo "2104"]
[BlackElo "2365"]

1.e4 d5 2.exd5 Qxd5 3.Nc3 Qd8 4.d4 Nf6 5.Bc4 Bg4 6.f3 Bh5 7.Nge2 e6 8.Bf4 Bd6
9.Qd2 Nbd7 10.Nb5 Bxf4 11.Nxf4 Nb6 12.Bb3 a5 13.O-O-O O-O 14.a4 Nbd5 15.Bxd5 exd5
16.g4 Bg6 17.h4 h5 18.Nxg6 fxg6 19.Qd3 hxg4 20.Qxg6 gxf3 21.Rhg1 Ne8 22.Qe6+ Rf7
23.Rdf1 Ra6 24.Qe3 Raf6 25.Rg3 c6 26.Nc3 Nd6 27.Rgxf3 Nc4 28.Qg5 Qe7 29.Rxf6 Rxf6
30.Rxf6 Qxf6 31.Qxf6 gxf6 32.Nd1 Kg7 33.b3 Nb6 34.Ne3 Kg6 35.c3 Kh5 36.Ng2 Kg4
37.Kd2 Kg3 38.Ne3 Kxh4 39.c4 dxc4 40.bxc4 Kg3  0-1

[Event "TCh-SRB Premier Men"]
[Site "Valjevo SRB"]
[Date "2011.09.05"]
[Round "10.1"]
[White "Zivkovic,I"]
[Black "Miljkovic,Mir1"]
[Result "1-0"]
[WhiteElo "2367"]
[BlackElo "2495"]

1.e4 d5 2.exd5 Qxd5 3.Nc3 Qd6 4.d4 Nf6 5.Nf3 g6 6.Be2 Bg7 7.O-O a6 8.Ne5 O-O
9.Bf4 Qd8 10.Bf3 Ne8 11.Re1 Nd6 12.Na4 c6 13.c3 Nd7 14.Qb3 Nf6 15.Nb6 Be6
16.c4 Rb8 17.d5 cxd5 18.cxd5 Bf5 19.g4 Bc8 20.Rac1 Nfe8 21.a4 h6 22.Bd2 Kh7
23.Ba5 f6 24.Nxc8 Qxa5 25.Nc6 bxc6 26.Qxb8 cxd5 27.Rxe7 Qd2 28.Rd1 Qf4 29.Kg2 f5
30.Nxd6 fxg4 31.Bxd5 Nxd6 32.Qa7 Nf5 33.Rd7 h5 34.Qc7 Qxa4 35.b3 Qa2 36.Be4 Qb2
37.Bxf5 Rxf5 38.Rxg7+ Qxg7 39.Rd7 Qxd7 40.Qxd7+ Kh6 41.b4 Rf6 42.Kf1 g5 43.Ke2 Kg6
44.Kd3 Kh6 45.Qd4 Kg6 46.Kd2 h4 47.Kc2 Rf3 48.Kd2 Kf5 49.Ke2 Kg6 50.Kd2 Rf6
51.Ke2 Re6+ 52.Kd3 Rf6 53.Qxg4 Rxf2 54.Qe4+ Kh6 55.Qe6+ Kh5 56.h3 Rf3+ 57.Ke4 Ra3
58.Qe8+ Kh6 59.Qc8 Kg7 60.Kf5 Rxh3 61.Qd7+  1-0

[Event "TCh-SRB Premier Men"]
[Site "Valjevo SRB"]
[Date "2011.09.05"]
[Round "10.4"]
[White "Azaric,S"]
[Black "Cabarkapa,N"]
[Result "1/2-1/2"]
[WhiteElo "2275"]
[BlackElo "2177"]

1.e4 d5 2.exd5 Qxd5 3.Nc3 Qd6 4.d4 Nf6 5.g3 g6 6.Bg2 Bg7 7.Nf3 Qa6 8.Bf4 c6
9.Qd2 O-O 10.Ne5 Nbd7 11.Qd3 Qxd3 12.Nxd3 Nb6 13.O-O-O Nfd5 14.Nxd5 Nxd5
15.Bxd5 cxd5 16.c3 f6 17.f3 Kf7 18.g4 b6 19.Rde1 Re8 20.Re3 Ba6 21.Nb4 Bb7
22.Rhe1 Rac8 23.Re6  1/2-1/2

[Event "TCh-SRB Premier Men"]
[Site "Valjevo SRB"]
[Date "2011.09.05"]
[Round "10.2"]
[White "Roganovic,Milo"]
[Black "Saric,S"]
[Result "1/2-1/2"]
[WhiteElo "2476"]
[BlackElo "2472"]

1.e4 d5 2.exd5 Qxd5 3.Nc3 Qd6 4.d4 Nf6 5.Nf3 c6 6.Ne5 Nbd7 7.Bf4 Nd5 8.Nxd5 Qxd5
9.Be2 Nxe5 10.Bxe5 Qxg2 11.Bf3 Qg6 12.Qe2 h5 13.h3 Qh6 14.d5 Bd7 15.Rg1 Rc8
16.d6 Be6 17.dxe7 Bxe7 18.Bxg7 Rg8 19.Qe5 Bf6 20.Bxh6 Rxg1+ 21.Ke2 Bxe5 22.Rxg1 Bxh3
23.Bxh5 Be6 24.Rg8+ Kd7 25.Rxc8 Kxc8 26.b3  1/2-1/2

[Event "Yuzhny Open"]
[Site "Yuzhny UKR"]
[Date "2011.09.05"]
[Round "4.16"]
[White "Pen,L"]
[Black "Rakhmangulova,A"]
[Result "1/2-1/2"]
[WhiteElo "2062"]
[BlackElo "2207"]

1.e4 d5 2.exd5 Qxd5 3.Nc3 Qd6 4.d4 Nf6 5.Nf3 Bg4 6.h3 Bh5 7.g4 Bg6 8.Ne5 Nbd7
9.Nxg6 hxg6 10.Bg2 c6 11.Be3 Nb6 12.Qd3 Nbd5 13.g5 Nxc3 14.Qxc3 Nd5 15.Qb3 Nxe3
16.Qxe3 e6 17.O-O-O O-O-O 18.Kb1 Rh4 19.c3 Qf4 20.Qe2 Qxg5 21.Bf3 Be7 22.Rd3 Rdh8
23.Rhd1 Rd8 24.c4 Bf6 25.d5 exd5 26.cxd5 Rb4 27.dxc6 Rxd3 28.cxb7+ Kb8 29.Rxd3 Rxb2+
30.Qxb2 Bxb2 31.Kxb2 Qb5+ 32.Kc2 Qa4+ 33.Kb2 Qb4+ 34.Kc2 Qa4+ 35.Kb2 Qb4+  1/2-1/2

[Event "Maria Albulet Mem"]
[Site "Braila ROU"]
[Date "2011.09.06"]
[Round "9"]
[White "Makropoulou,M"]
[Black "Petrenko,S"]
[Result "1/2-1/2"]
[WhiteElo "2282"]
[BlackElo "2209"]

1.e4 d5 2.exd5 Qxd5 3.Nc3 Qd6 4.d4 Nf6 5.Nf3 a6 6.g3 g6 7.Bg2 Bg7 8.O-O O-O
9.Bf4 Qb6 10.Qc1 c6 11.Re1 Re8 12.h3 Be6 13.Na4 Qd8 14.Nc5 Bc8 15.c4 b6 16.Nd3 Bb7
17.Nde5 Nfd7 18.Qe3 Nxe5 19.dxe5 c5 20.e6  1/2-1/2